[Event "Balkan-ch U18"]
[Site "Tornelo INT"]
[Date "2020.11.01"]
[Round "6"]
[White "Sukovic, Darko"]
[Black "Petreski, Leonid"]
[Result "0-1"]
[WhiteElo "1932"]
[BlackElo "1418"]
[PlyCount "138"]
[EventDate "2020.10.31"]
[EventType "swiss"]
[EventRounds "7"]
[EventCountry "NET"]
[SourceTitle "EXT 2023"]
[Source "ChessBase"]
[SourceDate "2022.10.05"]
[SourceVersion "1"]
[SourceVersionDate "2022.10.05"]
[SourceQuality "1"]

1. d4 Nf6 2. Bg5 Ne4 3. Bf4 g6 4. f3 Nf6 5. e4 Bg7 6. c4 d6 7. Nc3 0-0 8. Nge2 c5 9. dxc5 dxc5 10. Qa4 e6 11. Rd1 Bd7 12. Qa3 b6 13. Nb5 Ne8 14. Bxb8 Rxb8 15. Qxa7 Nf6 16. e5 Ra8 17. Qc7 Nd5 18. Qxd8 Rfxd8 19. Na3 Nb4 20. f4 g5 21. g3 Bc6 22. Rxd8+ Rxd8 23. Rg1 Nd3+ 24. Kd2 Nxf4+ 25. Kc2 Be4+ 26. Kb3 Nxe2 27. Bxe2 Rd2 28. Bd1 Bxe5 29. Bc2 Bxc2+ 30. Nxc2 b5 31. cxb5 c4+ 32. Kxc4 Rxc2+ 33. Kd3 Rxb2 34. a4 Ra2 35. Re1 f6 36. Re4 Kf7 37. b6 Rb2 38. a5 Ra2 39. b7 Bb8 40. Rc4 Ra3+ 41. Ke2 Rxa5 42. Rc8 Ra2+ 43. Kf3 Be5 44. b8Q Bxb8 45. Rxb8 Rxh2 46. Rd8 h5 47. Rd7+ Kg6 48. Re7 Kf5 49. Ra7 g4+ 50. Ke3 Rg2 51. Ra5+ e5 52. Ra8 Rxg3+ 53. Kf2 Rf3+ 54. Kg2 e4 55. Ra5+ Kg6 56. Ra4 f5 57. Ra5 h4 58. Re5 h3+ 59. Kh2 Kg5 60. Ra5 Rf2+ 61. Kg1 g3 62. Ra1 e3 63. Re1 f4 64. Rd1 f3 65. Kh1 e2 66. Rd5+ Kf4 67. Rd4+ Ke3 68. Rd1 Rh2+ 69. Kg1 f2# 0-1

[Event "Balkan-ch U18"]
[Site "Tornelo INT"]
[Date "2020.10.31"]
[Round "1"]
[White "Sukovic, Darko"]
[Black "Gavrilescu, David"]
[Result "0-1"]
[WhiteElo "1932"]
[BlackElo "2398"]
[PlyCount "82"]
[EventDate "2020.10.31"]
[EventType "swiss"]
[EventRounds "7"]
[EventCountry "NET"]
[SourceTitle "EXT 2023"]
[Source "ChessBase"]
[SourceDate "2022.10.05"]
[SourceVersion "1"]
[SourceVersionDate "2022.10.05"]
[SourceQuality "1"]

1. d4 d5 2. c4 e6 3. Nf3 Nf6 4. Nc3 Bb4 5. Bg5 dxc4 6. Qa4+ Nc6 7. e3 Bd7 8. Qc2 b5 9. a4 a6 10. Ne5 Rb8 11. axb5 axb5 12. Be2 Be7 13. Bf3 Nxe5 14. dxe5 Nd5 15. Bxe7 Qxe7 16. Bxd5 exd5 17. f4 c6 18. Ra7 Qc5 19. Rxd7 Qxe3+ 20. Kd1 Kxd7 21. Qf5+ Ke8 22. Re1 Qd3+ 23. Qxd3 cxd3 24. Kd2 Kd7 25. Kxd3 Ra8 26. g4 b4 27. Ne2 Ra2 28. Kc2 c5 29. f5 Re8 30. Nf4 Kc6 31. e6 fxe6 32. fxe6 Kd6 33. Rd1 d4 34. Kb3 Ra7 35. Kc4 g5 36. Nd3 Rc7 37. Rf1 Rxe6 38. Rf5 Re2 39. Rd5+ Ke7 40. Nxc5 Rxb2 41. Rxg5 Rc2+ 0-1

[Event "Balkan-ch U18"]
[Site "Tornelo INT"]
[Date "2020.10.31"]
[Round "4"]
[White "Vogli, Erion"]
[Black "Sukovic, Darko"]
[Result "1-0"]
[WhiteElo "1489"]
[BlackElo "1932"]
[PlyCount "39"]
[EventDate "2020.10.31"]
[EventType "swiss"]
[EventRounds "7"]
[EventCountry "NET"]
[SourceTitle "EXT 2023"]
[Source "ChessBase"]
[SourceDate "2022.10.05"]
[SourceVersion "1"]
[SourceVersionDate "2022.10.05"]
[SourceQuality "1"]

1. Nf3 d5 2. c4 e6 3. g3 Nf6 4. Bg2 Be7 5. 0-0 0-0 6. d4 dxc4 7. Qc2 c6 8. Qxc4 Nbd7 9. Qc2 Nb6 10. e4 Re8 11. Nc3 Bd7 12. a4 Rc8 13. a5 Na8 14. h4 c5 15. d5 exd5 16. exd5 Bd6 17. Bg5 Bb8 18. Ne4 Rxe4 19. Bxf6 Qxf6 20. Qxe4 1-0

[Event "MNT Team Cup"]
[Site "Herceg Novi"]
[Date "2020.06.26"]
[Round "3.3"]
[White "Sukovic, Darko"]
[Black "Lazarevic, Zoran1111"]
[Result "1/2-1/2"]
[WhiteElo "1993"]
[BlackElo "1827"]
[PlyCount "84"]
[EventDate "2020.06.25"]
[EventType "team-swiss"]
[EventRounds "5"]
[EventCountry "MNE"]
[SourceTitle "EXT 2021"]
[Source "ChessBase"]
[SourceDate "2020.10.23"]
[SourceVersion "1"]
[SourceVersionDate "2020.10.23"]
[SourceQuality "1"]
[WhiteTeam "Buducnost Omladinac"]
[BlackTeam "Rokada"]
[WhiteTeamCountry "MNE"]
[BlackTeamCountry "MNE"]

1. d4 d5 2. Nf3 e6 3. Bf4 Nf6 4. e3 Bd6 5. Bg3 0-0 6. c4 c5 7. Nc3 cxd4 8. exd4 dxc4 9. Bxc4 Bb4 10. 0-0 Bxc3 11. bxc3 Ne4 12. Qd3 Nxg3 13. hxg3 Nc6 14. Rfe1 Na5 15. Bb3 b6 16. Ne5 Nxb3 17. axb3 Bb7 18. b4 Qd5 19. Qf3 Qxf3 20. Nxf3 Rfc8 21. Rec1 b5 22. Ne5 Rc7 23. Nd3 Bd5 24. Ra5 Rac8 25. Nc5 Bc4 26. Rca1 Ra8 27. R1a3 f5 28. Ra6 Kf7 29. Rd6 Re8 30. Raa6 Ree7 31. f4 h6 32. Rac6 Rxc6 33. Rxc6 Bd5 34. Rc8 Bc4 35. Kf2 g5 36. Rd8 gxf4 37. gxf4 Kg6 38. Nd7 Bd5 39. Ne5+ Kh7 40. Nd7 Kg7 41. Nc5 Kf6 42. Nd7+ Kg7 1/2-1/2

[Event "EU-Cup 35th"]
[Site "Ulcinj"]
[Date "2019.11.10"]
[Round "1.3"]
[White "Kriebel, Tadeas"]
[Black "Sukovic, Darko"]
[Result "1-0"]
[WhiteElo "2516"]
[BlackElo "1991"]
[PlyCount "61"]
[EventDate "2019.11.10"]
[EventType "team-swiss"]
[EventRounds "7"]
[EventCountry "MNE"]
[SourceTitle "CBM 193 Extra"]
[Source "ChessBase"]
[SourceDate "2020.01.31"]
[SourceVersion "1"]
[SourceVersionDate "2020.01.31"]
[SourceQuality "1"]
[WhiteTeam "Novy Bor"]
[BlackTeam "Buducnost"]
[WhiteTeamCountry "CZE"]
[BlackTeamCountry "MNE"]

1. Nf3 Nf6 2. c4 e6 3. g3 Be7 4. Bg2 0-0 5. 0-0 d5 6. d4 c5 7. cxd5 exd5 8. dxc5 Bxc5 9. a3 a5 10. Nc3 h6 11. Bf4 Nc6 12. Rc1 Be6 13. Ne5 Ba7 14. Nb5 Bb8 15. Nxc6 bxc6 16. Bxb8 Qxb8 17. Nd4 Qxb2 18. Qd3 c5 19. Rxc5 Rfc8 20. Nc6 Rc7 21. Rb1 Qa2 22. Rbc1 Kh8 23. R5c2 Rxc6 24. Rxc6 Rb8 25. R6c2 Rb1 26. Rc8+ Bxc8 27. Qxb1 Qxb1 28. Rxb1 Ba6 29. e3 Bc4 30. Rb8+ Kh7 31. Ra8 1-0

[Event "MNT-chT 1st League"]
[Site "Podgorica"]
[Date "2019.07.26"]
[Round "7.4"]
[White "Rajkovic, Dusan"]
[Black "Sukovic, Darko"]
[Result "0-1"]
[WhiteElo "2275"]
[BlackElo "1827"]
[PlyCount "82"]
[EventDate "2019.07.20"]
[EventType "team-tourn"]
[EventRounds "9"]
[EventCountry "MNE"]
[SourceTitle "EXT 2020"]
[Source "ChessBase"]
[SourceDate "2019.10.17"]
[SourceVersion "1"]
[SourceVersionDate "2019.10.17"]
[SourceQuality "1"]
[WhiteTeam "Rudar"]
[BlackTeam "Buducnost Omladinac"]
[WhiteTeamCountry "MNE"]
[BlackTeamCountry "MNE"]

1. Nf3 Nf6 2. c4 e6 3. b3 Be7 4. Bb2 0-0 5. g3 d5 6. Bg2 c6 7. 0-0 Nbd7 8. d4 b6 9. Nbd2 Bb7 10. Qc2 Rc8 11. e4 dxe4 12. Nxe4 Nxe4 13. Qxe4 Nf6 14. Qe2 Rc7 15. Rfd1 Qa8 16. a4 a5 17. Ne5 c5 18. Bxb7 Qxb7 19. Rd3 cxd4 20. Bxd4 Rd8 21. Rad1 h6 22. Qe3 Rd6 23. h4 Rc8 24. Bc3 Rcd8 25. Bd4 Nd7 26. Bb2 Nc5 27. Rxd6 Rxd6 28. Rxd6 Bxd6 29. Nf3 Qe4 30. Bd4 Qc2 31. Kg2 Ne4 32. Ne1 Qb1 33. Bxb6 Bb4 34. Nd3 Nd2 35. Nxb4 Qf1+ 36. Kh2 Qd1 37. Qc3 axb4 38. Qxb4 Qe2 39. Qc3 Nf3+ 40. Kg2 Ne1+ 41. Kh2 Qf1 0-1

[Event "MNT-chT 1st League"]
[Site "Podgorica"]
[Date "2019.07.20"]
[Round "1.5"]
[White "Sukovic, Darko"]
[Black "Maljevic, Miloje"]
[Result "1/2-1/2"]
[WhiteElo "1827"]
[BlackElo "2052"]
[PlyCount "142"]
[EventDate "2019.07.20"]
[EventType "team-tourn"]
[EventRounds "9"]
[EventCountry "MNE"]
[SourceTitle "EXT 2020"]
[Source "ChessBase"]
[SourceDate "2019.10.17"]
[SourceVersion "1"]
[SourceVersionDate "2019.10.17"]
[SourceQuality "1"]
[WhiteTeam "Buducnost Omladinac"]
[BlackTeam "Rokada"]
[WhiteTeamCountry "MNE"]
[BlackTeamCountry "MNE"]

1. d4 d5 2. c4 e6 3. Nc3 Nf6 4. Nf3 c6 5. cxd5 exd5 6. Bg5 Nbd7 7. e3 h6 8. Bh4 Bd6 9. Bd3 0-0 10. 0-0 Re8 11. Rc1 Nf8 12. Qc2 Bg4 13. Nd2 g5 14. Bg3 Bxg3 15. hxg3 Bh5 16. Na4 Qd6 17. Nc5 Re7 18. Rfe1 Rae8 19. Qa4 b6 20. Na6 Rc8 21. Bf5 Ne6 22. Nb4 Rec7 23. Nd3 Kg7 24. Ne5 c5 25. f4 cxd4 26. Rxc7 Rxc7 27. exd4 b5 28. Qxb5 Nxd4 29. Qd3 Qb6 30. Kh1 Nxf5 31. fxg5 Ne4 32. Nxe4 dxe4 33. Qd8 Rc1 34. Qf6+ Qxf6 35. gxf6+ Kxf6 36. Nd7+ Ke7 37. Rxc1 Kxd7 38. Kh2 Bg4 39. Rc4 Nd6 40. Rc3 h5 41. Ra3 Nb5 42. Ra5 a6 43. Rxa6 e3 44. Ra4 f5 45. Kg1 Kd6 46. Kf1 Kc5 47. b3 Nd4 48. Rc4+ Kd5 49. Ke1 Ke4 50. Rc3 Nb5 51. Rc8 Kd3 52. a4 Nd4 53. a5 f4 54. Rd8 f3 55. gxf3 Bxf3 56. a6 Kc3 57. Re8 Nc2+ 58. Kf1 Kxb3 59. a7 Kc3 60. a8Q e2+ 61. Kf2 Bxa8 62. Kxe2 Bg2 63. Rh8 Bh3 64. Kf3 Bg4+ 65. Kf4 Nd4 66. Kg5 Nf3+ 67. Kf4 Nd4 68. Kg5 Ne6+ 69. Kh4 Ng7 70. Rf8 Kd4 71. Rf4+ Ke5 1/2-1/2

[Event "MNT-ch U20"]
[Site "Pljevlja"]
[Date "2019.07.02"]
[Round "6"]
[White "Pobor, Milo"]
[Black "Sukovic, Darko"]
[Result "1-0"]
[WhiteElo "2030"]
[BlackElo "1827"]
[PlyCount "77"]
[EventDate "2019.06.29"]
[EventType "swiss"]
[EventRounds "7"]
[EventCountry "MNE"]
[SourceTitle "EXT 2020"]
[Source "ChessBase"]
[SourceDate "2019.10.17"]
[SourceVersion "1"]
[SourceVersionDate "2019.10.17"]
[SourceQuality "1"]

1. e4 c6 2. d4 d5 3. e5 Bf5 4. h4 h5 5. c4 e6 6. Nc3 Ne7 7. Nge2 Nd7 8. Ng3 Bg6 9. Bg5 Qb6 10. Qd2 dxc4 11. Bxc4 0-0-0 12. Na4 Qc7 13. Rc1 Nb6 14. Nc5 Nxc4 15. Rxc4 Rd5 16. 0-0 Nf5 17. Nxf5 Bxf5 18. Rfc1 Bxc5 19. Rxc5 Rxc5 20. Rxc5 Be4 21. b4 Rg8 22. Qe2 Bd5 23. Qxh5 f6 24. Qh7 Qd8 25. exf6 gxf6 26. Rxd5 cxd5 27. Bxf6 Rxg2+ 28. Kxg2 Qxf6 29. Qg8+ Kd7 30. Qg4 Ke8 31. Kg3 Qe7 32. h5 Kf8 33. h6 a6 34. Qg6 Qc7+ 35. Kg4 Qh2 36. Qf6+ Ke8 37. Qxe6+ Kf8 38. Qf6+ Ke8 39. Qe5+ 1-0

[Event "MNT-chT"]
[Site "Niksic"]
[Date "2018.08.15"]
[Round "9.5"]
[White "Krstonijevic, Stjepan"]
[Black "Sukovic, Darko"]
[Result "1-0"]
[WhiteElo "2195"]
[BlackElo "1806"]
[PlyCount "93"]
[EventDate "2018.08.07"]
[EventType "team-tourn"]
[EventRounds "9"]
[EventCountry "MNE"]
[SourceTitle "CBM 186 Extra"]
[Source "ChessBase"]
[SourceDate "2018.08.24"]
[SourceVersion "1"]
[SourceVersionDate "2018.08.24"]
[SourceQuality "1"]
[WhiteTeam "Rudar"]
[BlackTeam "Omladinac Buducnost"]
[WhiteTeamCountry "MNE"]
[BlackTeamCountry "MNE"]

1. e4 c6 2. d4 d5 3. Nc3 dxe4 4. Nxe4 Bf5 5. Ng3 Bg6 6. N1e2 Nf6 7. h4 h6 8. Nf4 Bh7 9. c3 Nd5 10. Qh5 Nxf4 11. Bxf4 Nd7 12. Bc4 Bg6 13. Qe2 Nb6 14. Bb3 Nd5 15. Be5 Qd7 16. Ne4 Bxe4 17. Qxe4 e6 18. Rh3 0-0-0 19. 0-0-0 f6 20. Bh2 Bd6 21. Re1 Rhe8 22. Bxd6 Qxd6 23. Bxd5 Qxd5 24. b3 Qa5 25. Kb2 Qh5 26. g4 Qd5 27. Rd3 Kd7 28. Qg6 Re7 29. Re4 Rde8 30. Rde3 Kd8 31. f4 b5 32. f5 exf5 33. Qxe8+ Rxe8 34. Rxe8+ Kc7 35. R3e7+ Kd6 36. Rd8+ Kxe7 37. Rxd5 cxd5 38. gxf5 h5 39. a3 Kd6 40. a4 Kc6 41. axb5+ Kxb5 42. Kc2 a5 43. Kd3 Kc6 44. c4 Kd6 45. Kc3 dxc4 46. bxc4 Kc6 47. c5 1-0

[Event "MNT-chT"]
[Site "Niksic"]
[Date "2018.08.14"]
[Round "8.2"]
[White "Mandic, Stefan"]
[Black "Sukovic, Darko"]
[Result "0-1"]
[WhiteElo "1907"]
[BlackElo "1806"]
[PlyCount "58"]
[EventDate "2018.08.07"]
[EventType "team-tourn"]
[EventRounds "9"]
[EventCountry "MNE"]
[SourceTitle "CBM 186 Extra"]
[Source "ChessBase"]
[SourceDate "2018.08.24"]
[SourceVersion "1"]
[SourceVersionDate "2018.08.24"]
[SourceQuality "1"]
[WhiteTeam "Mimoza"]
[BlackTeam "Omladinac Buducnost"]
[WhiteTeamCountry "MNE"]
[BlackTeamCountry "MNE"]

1. e4 c6 2. d4 d5 3. Nc3 dxe4 4. Nxe4 Bf5 5. Ng3 Bg6 6. Nf3 Nd7 7. h4 h6 8. h5 Bh7 9. Bd3 Bxd3 10. Qxd3 e6 11. Bd2 Qc7 12. 0-0-0 0-0-0 13. Qb3 Ngf6 14. Qa4 Kb8 15. Rhe1 Bd6 16. Ne5 Nxe5 17. dxe5 Bxe5 18. Rxe5 Rxd2 19. Rxd2 Qxe5 20. c3 Qg5 21. Qd4 Nd5 22. c4 Nb6 23. Ne4 Qxg2 24. Qe5+ Ka8 25. Qc7 Qf1+ 26. Kc2 Qxc4+ 27. Kd1 Nd5 28. Nd6 Qf1+ 29. Kc2 Nxc7 0-1

[Event "MNT-chT"]
[Site "Niksic"]
[Date "2018.08.12"]
[Round "6.3"]
[White "Sukovic, Darko"]
[Black "Kisic, Bozidar"]
[Result "0-1"]
[WhiteElo "1806"]
[BlackElo "2234"]
[PlyCount "86"]
[EventDate "2018.08.07"]
[EventType "team-tourn"]
[EventRounds "9"]
[EventCountry "MNE"]
[SourceTitle "CBM 186 Extra"]
[Source "ChessBase"]
[SourceDate "2018.08.24"]
[SourceVersion "1"]
[SourceVersionDate "2018.08.24"]
[SourceQuality "1"]
[WhiteTeam "Omladinac Buducnost"]
[BlackTeam "Elektroprivreda"]
[WhiteTeamCountry "MNE"]
[BlackTeamCountry "MNE"]

1. d4 Nf6 2. Bf4 c5 3. e3 g6 4. Nf3 Bg7 5. c3 0-0 6. Nbd2 b6 7. Be2 Bb7 8. 0-0 d6 9. Nb3 Nbd7 10. h3 Re8 11. Rc1 Rc8 12. Nbd2 h6 13. Bh2 Qc7 14. Nh4 Rcd8 15. Qb3 Nf8 16. Bd3 e6 17. f4 Qe7 18. Nhf3 N8d7 19. Bb5 a6 20. Bxd7 Nxd7 21. Nc4 Bd5 22. e4 Bxe4 23. Nfd2 Bd5 24. Qa3 b5 25. Ne3 Bb7 26. dxc5 Nxc5 27. Rcd1 d5 28. Nf3 Bf8 29. Nd4 Ne4 30. Qb3 Rc8 31. a3 Bg7 32. a4 Nc5 33. Qc2 bxa4 34. f5 Ne4 35. fxg6 fxg6 36. Qxa4 Rf8 37. Ng4 Rxf1+ 38. Rxf1 Rc4 39. Qd1 Rc8 40. Qa4 Rf8 41. Rxf8+ Bxf8 42. Ne5 Qg5 43. Qd1 Qe3+ 0-1

[Event "EU-ch Amateur U2300"]
[Site "Niksic"]
[Date "2018.06.16"]
[Round "4"]
[White "Sukovic, Darko"]
[Black "Maloberti, David"]
[Result "1-0"]
[WhiteElo "1760"]
[BlackElo "2148"]
[PlyCount "59"]
[EventDate "2018.06.14"]
[EventType "swiss"]
[EventRounds "9"]
[EventCountry "MNE"]
[SourceTitle "CBM 185 Extra"]
[Source "ChessBase"]
[SourceDate "2018.07.29"]
[SourceVersion "1"]
[SourceVersionDate "2018.07.29"]
[SourceQuality "1"]

1. d4 Nf6 2. c4 g6 3. Nc3 Bg7 4. Nf3 0-0 5. e4 d6 6. Be2 e5 7. d5 c6 8. 0-0 cxd5 9. cxd5 Nh5 10. Nd2 Nf4 11. Nc4 b6 12. Bxf4 exf4 13. Nb5 Be5 14. Nxe5 dxe5 15. d6 Nd7 16. Qd5 Ba6 17. Rfe1 Qg5 18. f3 Bxb5 19. Bxb5 Nc5 20. Rac1 Rad8 21. Red1 Ne6 22. Qb7 Nd4 23. Qe7 Nxf3+ 24. Kf2 Qh5 25. Be2 g5 26. Bxf3 g4 27. Rd5 Rde8 28. Qf6 gxf3 29. d7 Qg4 30. gxf3 1-0

[Event "MNT-ch U16"]
[Site "Cetinje"]
[Date "2018.05.20"]
[Round "4"]
[White "Sukovic, Darko"]
[Black "Alivodic, Dario"]
[Result "0-1"]
[WhiteElo "1886"]
[BlackElo "1978"]
[PlyCount "77"]
[EventDate "2018.05.18"]
[EventType "tourn"]
[EventRounds "9"]
[EventCountry "MNE"]
[SourceTitle "EXT 2019"]
[Source "ChessBase"]
[SourceDate "2018.10.10"]
[SourceVersion "1"]
[SourceVersionDate "2018.10.10"]
[SourceQuality "1"]

1. d4 e6 2. c4 d5 3. Nc3 c6 4. cxd5 exd5 5. Nf3 Bd6 6. Bg5 Ne7 7. e3 f6 8. Bh4 Qb6 9. Rb1 Bg4 10. Be2 Nf5 11. Bg3 Nxg3 12. hxg3 Nd7 13. Nh4 Bxe2 14. Qxe2 0-0-0 15. Nf5 Bb4 16. 0-0 g6 17. Nh4 f5 18. Rfc1 Nf6 19. a3 Bxc3 20. bxc3 Qc7 21. c4 dxc4 22. Rxc4 Ne4 23. Nf3 h5 24. Rbc1 g5 25. Ne5 Rd6 26. d5 c5 27. f3 Rxd5 28. Ng6 Nxg3 29. Qc2 Re8 30. Kf2 b6 31. Rd1 Red8 32. Rxd5 Rxd5 33. Rc3 Qd6 34. Ne7+ Qxe7 35. Kxg3 Qd6+ 36. Kh3 g4+ 37. Kh4 gxf3 38. gxf3 f4 39. Qh7 0-1

[Event "MNT-ch U16"]
[Site "Cetinje"]
[Date "2018.05.19"]
[Round "2"]
[White "Sukovic, Darko"]
[Black "Miletic, Vuk"]
[Result "0-1"]
[WhiteElo "1886"]
[BlackElo "1814"]
[PlyCount "48"]
[EventDate "2018.05.18"]
[EventType "tourn"]
[EventRounds "9"]
[EventCountry "MNE"]
[SourceTitle "EXT 2019"]
[Source "ChessBase"]
[SourceDate "2018.10.10"]
[SourceVersion "1"]
[SourceVersionDate "2018.10.10"]
[SourceQuality "1"]

1. Nf3 Nf6 2. d4 e6 3. Bf4 c5 4. c3 Nc6 5. e3 d5 6. Bd3 Bd6 7. Bg3 0-0 8. 0-0 Bxg3 9. hxg3 Qd6 10. Nbd2 e5 11. dxe5 Nxe5 12. Nxe5 Qxe5 13. Nf3 Qe7 14. Qc2 b6 15. Rad1 Bg4 16. Qa4 Rfd8 17. Qf4 Qd6 18. Qg5 h6 19. Qh4 Bxf3 20. gxf3 Qe5 21. Qa4 a6 22. Qc6 Qd6 23. Qb7 Rdb8 24. Bh7+ Kf8 0-1

[Event "EU School-ch U15"]
[Site "Budva"]
[Date "2017.06.11"]
[Round "1"]
[White "Sukovic, Darko"]
[Black "Petriashvili, Nikoloz"]
[Result "0-1"]
[WhiteElo "1808"]
[BlackElo "2257"]
[PlyCount "36"]
[EventDate "2017.06.11"]
[EventType "swiss"]
[EventRounds "9"]
[EventCountry "MNE"]
[SourceTitle "EXT 2024"]
[Source "ChessBase"]
[SourceDate "2023.10.10"]
[SourceVersion "1"]
[SourceVersionDate "2023.10.10"]
[SourceQuality "1"]

1. Nf3 c5 2. g3 Nc6 3. Bg2 g6 4. 0-0 Bg7 5. c3 e5 6. e4 Nge7 7. d3 0-0 8. Be3 d6 9. h3 f5 10. exf5 Nxf5 11. Bc1 h6 12. g4 Nfe7 13. Qb3+ Kh7 14. Nh4 g5 15. Nf3 Ng6 16. Na3 Qe7 17. Re1 Be6 18. Qd1 Qf7 0-1

[Event "MNT-ch sf"]
[Site "Niksic"]
[Date "2017.02.21"]
[Round "7"]
[White "Karisik, Nenad"]
[Black "Sukovic, Darko"]
[Result "1/2-1/2"]
[WhiteElo "2216"]
[BlackElo "1751"]
[PlyCount "116"]
[EventDate "2017.02.17"]
[EventType "swiss"]
[EventRounds "7"]
[EventCountry "MNE"]
[SourceTitle "CBM 177 Extra"]
[Source "ChessBase"]
[SourceDate "2017.04.27"]
[SourceVersion "1"]
[SourceVersionDate "2017.04.27"]
[SourceQuality "1"]

1. e4 e5 2. Nc3 Nf6 3. Bc4 Nc6 4. f4 exf4 5. Nf3 d6 6. d4 Bg4 7. 0-0 Be7 8. Bxf4 0-0 9. Qd3 Nh5 10. Bc1 a6 11. a3 Nf6 12. Bd2 Na5 13. Ba2 c5 14. Nd5 Nc6 15. Nxe7+ Qxe7 16. e5 dxe5 17. dxe5 Nxe5 18. Nxe5 Qxe5 19. Bc3 Qe4 20. Qg3 Qg6 21. Bxf6 gxf6 22. Rf4 Be6 23. Bxe6 Qxg3 24. Bxf7+ Kxf7 25. hxg3 Rad8 26. Raf1 Kg6 27. R1f2 Rd5 28. Re4 Rg5 29. Kh2 Rd8 30. g4 Rd6 31. Kh3 b5 32. Ref4 Rgd5 33. Kg3 Rd4 34. Rf5 R4d5 35. c3 a5 36. Kf4 b4 37. Ke4 Rd2 38. Rxf6+ Kg7 39. g5 Re6+ 40. Rxe6 Rxf2 41. axb4 axb4 42. cxb4 cxb4 43. b3 Rxg2 44. Rb6 Rxg5 45. Kf4 Rg1 46. Rxb4 h5 47. Kf5 Rf1+ 48. Kg5 Kf7 49. Kxh5 Ke7 50. Rd4 Rg1 51. Kh4 Ke6 52. Kh3 Ke5 53. Rd3 Rg8 54. b4 Rb8 55. Rb3 Kd4 56. Kg4 Kc4 57. Rb1 Rxb4 58. Rxb4+ Kxb4 1/2-1/2